Catalogue of spanish & portuguese and also of italian literature : (Record no. 185332)

MARC details
000 -LEADER
campo de control de longitud fija 00963nam a2200241 i 4500
001 - NÚMERO DE CONTROL
campo de control 185332
003 - IDENTIFICADOR DE NÚMERO DE CONTROL
campo de control ES-MaACL
005 - FECHA Y HORA DE LA ÚLTIMA TRANSACCIÓN
campo de control 20241110171119.0
008 - DATOS DE LONGITUD FIJA--INFORMACIÓN GENERAL
campo de control de longitud fija 160523s1900 xxk |||| | eng d
110 2# - ENTRADA PRINCIPAL--NOMBRE DE ENTIDAD CORPORATIVA
Nombre de entidad corporativa o nombre de jurisdicción como elemento de entrada Bernard Quaritch (Firma)
9 (RLIN) 159203
245 10 - MENCIÓN DEL TÍTULO
Título Catalogue of spanish & portuguese and also of italian literature :
Resto del título offered at the net prices affixed /
Mención de responsabilidad, etc. by Bernard Quaritch.
260 ## - PUBLICACIÓN, DISTRIBUCIÓN, ETC.
Lugar de publicación, distribución, etc. London :
Nombre del editor, distribuidor, etc. Bernard Quaritch,
Fecha de publicación, distribución, etc. 1900.
300 ## - DESCRIPCIÓN FÍSICA
Extensión 134 p. ;
Dimensiones 24 cm.
594 ## - Nota al título y mención de responsabilidad
Nota al título y mención de responsabilidad Precede al tít.: nº 202, november 1900.
610 24 - PUNTO DE ACCESO ADICIONAL DE MATERIA--NOMBRE DE ENTIDAD CORPORATIVA
Nombre de entidad corporativa o nombre de jurisdicción como elemento de entrada Bernard Quaritch (Firma)-
Subdivisión de forma Catálogos.
9 (RLIN) 159595
650 #4 - PUNTO DE ACCESO ADICIONAL DE MATERIA--TÉRMINO DE MATERIA
Término de materia o nombre geográfico como elemento de entrada Libros-
Subdivisión de forma Catálogos comerciales.
9 (RLIN) 159004
650 04 - PUNTO DE ACCESO ADICIONAL DE MATERIA--TÉRMINO DE MATERIA
Término de materia o nombre geográfico como elemento de entrada Literatura española-
Subdivisión de forma Bibliografías.
9 (RLIN) 14554
650 #4 - PUNTO DE ACCESO ADICIONAL DE MATERIA--TÉRMINO DE MATERIA
Término de materia o nombre geográfico como elemento de entrada Literatura portuguesa-
Subdivisión de forma Bibliografías.
9 (RLIN) 136432
650 #4 - PUNTO DE ACCESO ADICIONAL DE MATERIA--TÉRMINO DE MATERIA
Término de materia o nombre geográfico como elemento de entrada Literatura italiana-
Subdivisión de forma Bibliografías.
9 (RLIN) 169788
852 ## - LOCALIZACIÓN
Ubicación ES-MaACL
Número de control de estantería T-969-F-13
Nota libre .- Enc. en un vol. facticio, con la cub. original
942 ## - ELEMENTOS DE ENTRADA SECUNDARIOS (KOHA)
Fuente del sistema de clasificación o colocación Clasificación decimal universal
Holdings
Estatus retirado Estado de pérdida Fuente del sistema de clasificación o colocación Estado de daño No para préstamo Colección Biblioteca de origen Biblioteca actual Ubicación en estantería Fecha de adquisición Total de préstamos Signatura topográfica completa Código de barras Visto por última vez Precio de reemplazo Tipo de ítem Koha
    Clasificación decimal universal     Colección de folletos Biblioteca del Ateneo de Madrid Biblioteca del Ateneo de Madrid Depósito folletos 23/05/2016   T-969-F-13 1195259 23/02/2023 23/02/2023 Folleto